000 00693nam a2200205Ii 4500
003 JO-AjNU
008 230605s9999||||xx |||||||||||||| ||und||
040 _aJO-AjNU
_bara
_erda
_cJO-AjNU
041 _aara
050 1 4 _aLC903 2003
100 3 _aتصنيف إبراهيم، أبي طلحة عمر ؛ تقديم آل سلمان، مشهور بن حسن,
_eauthor
_98648
245 0 0 _aنصيحتي للآباء والمربين
250 _aط1
264 3 1 _aعمان: دار الفكر، 2003
300 _a158ص
336 _atext
_btxt
_2rdacontent
337 _aunmediated
_bn
_2rdamedia
338 _avolume
_bnc
_2rdacarrier
650 4 _aالتربية - تربية إسلامية
_98649
999 _aA896
_c4464
_d4464